Loading...

राष्ट्रीय एकता और आतंकवाद

Bibliographic Details
Main Author: मधुसूदन त्रिपाठी
Other Authors: Madhusoodan Tripati
Format: Printed Book
Published: New Delhi: Omega, 2011.
Subjects:
LEADER 00586nam a22001577a 4500
020 |a 9788184550337 
082 |a H303.625   |b TRI/R 
100 |a  मधुसूदन त्रिपाठी  
245 |a राष्ट्रीय एकता और आतंकवाद 
260 |a New Delhi:  |b Omega,  |c 2011. 
300 |a 188p 
650 |a rashtriya Ekta aur atankvad 
700 |a Madhusoodan Tripati 
942 |c BK 
999 |c 40820  |d 40820 
952 |0 0  |1 0  |4 0  |6 H_303_625000000000000_TRIR  |7 0  |8 Stack  |9 43955  |a KUCL  |b KUCL  |c Stack  |d 2016-07-22  |l 0  |o H303.625 TRI/R  |p 35725  |r 2016-07-22  |w 2016-07-22  |y BK